000 00507nam a22001577a 4500
005 20251108164101.0
008 250721s1984 xx 000 0 ara d
082 1 4 _a210.9/غزا
100 1 _aالغزالي، محمد
245 1 0 _aمستقبل الإسلام خارج أرضه :
_bكيف نفكر فيه /
264 1 _aالدوحة :
_bمؤسسة الشرق للعلاقات العامة،
_c1984.
300 _a212ص.
650 1 7 _aالتاريخ الإسلامي
942 _2ddc
_cBK
999 _c3200
_d3200